000 00919nam a2200265Ia 4500
003 OSt
005 20220923211507.0
006 a|||||r|||| 00| 0
007 ta
008 220922b |||||||| |||| 00| 0 pan d
020 _a9789352312924 (hbk)
_c150
024 _a349,538
037 _b172, 15/02/2019, National Book Shop
_cTextual
040 _aARTS
_cARTS
_bpan
041 _2pan
_apan
082 _aO153,3NCH5,KY, Q8
100 _aਚਹਿਲ, ਹਰਮਿੰਦਰ, ਂਚ.
_9156313
245 0 _aਕਿਆਮਤ
260 _aਸਮਾਣਾ
_b ਸੰਗਮ ਪਬਲੀਕੇFਨਗ਼
_c2018
300 _a143ਪ੍ਰ0
_ccm.
650 _a ਪੰਜਾਬੀ ਕਹਾਣੀ
650 _aਪੰਜਾਬੀ ਸਾਹਿਤ
942 _hO153,3NCH5,KY, Q8
_cTEXL
_2CC
999 _c300121
_d300121